skbl

Dr Suryya Kumar Bhuyan Library Web-OPAC
ডঃ সূৰ্য্য
কুমাৰ ভূঞা পুথিভঁৰাল ৱেব-অ'পেক

All Research Scholars are advised to clear the annual library fees to continue using Library Resources, Remote Access, Plagiarism Test and Library Clearance.

Cotton University Book Fair 2026

Tensor analysis : (Record no. 62316)

MARC details
000 -LEADER
fixed length control field 00501nam a2200157Ia 4500
001 - CONTROL NUMBER
control field 61205
008 - FIXED-LENGTH DATA ELEMENTS--GENERAL INFORMATION
fixed length control field 170102n ii |||gr||||Z||||||465
082 ## - DEWEY DECIMAL CLASSIFICATION NUMBER
Classification number 517
100 ## - MAIN ENTRY--PERSONAL NAME
Personal name Sokolnikoff, I. S.,
Relator term Author .
245 #0 - TITLE STATEMENT
Title Tensor analysis :
Remainder of title theory and applications to geometry and mechanics of continua /
Statement of responsibility, etc. by I. S. Sokolinikoff .
Medium Textual Documents
260 ## - PUBLICATION, DISTRIBUTION, ETC.
Place of publication, distribution, etc. New York
Name of publisher, distributor, etc. John Wiley & Sons
653 ## - INDEX TERM--UNCONTROLLED
Uncontrolled term Mathematics
653 ## - INDEX TERM--UNCONTROLLED
Uncontrolled term tensor analysis, geometry
653 ## - INDEX TERM--UNCONTROLLED
Uncontrolled term G-Mathematics
942 ## - ADDED ENTRY ELEMENTS (KOHA)
Source of classification or shelving scheme Dewey Decimal Classification
Koha item type Books
Holdings
Withdrawn status Lost status Damaged status Not for loan Collection Home library Current library Shelving location Date acquired Total checkouts Full call number Barcode Date last seen Copy number Price effective from Koha item type
          Dr. Suryya Kumar Bhuyan Library Dr. Suryya Kumar Bhuyan Library   02/01/2017   517 So 59 T 72495 14/01/2024 1 02/01/2017 Books

Designed and Maintained by Team SKBL
©1901-2026

Powered by Koha